000
00329nam a2200133Ia 4500
008
150201s2009 xx 000 0 und d
082
_a
616.157
_b
D09B
100
_a
BHARGAVA,SK
245
_a
DIAGNOSTIC APPROACH IN RADIOLOGY
250
_a
1ST
260
_b
PEEPEE
_a
DELHI
_c
2009
650
_a
RADIOLOGY & DIAGNOSIS
942
_2
ddc
_c
BK
999
_c
768
_d
768